[Event "Curitiba Parana op"]
[Site "Curitiba"]
[Date "2023.04.23"]
[Round "6"]
[White "Rosa, Gabriel Redon"]
[Black "Martins, Carlos"]
[Result "0-1"]
[WhiteElo "1927"]
[BlackElo "2231"]
[PlyCount "70"]
[EventDate "2023.04.21"]
[EventType "swiss"]
[EventRounds "6"]
[EventCountry "BRA"]
[SourceTitle "CBM 214 Extra"]
[Source "ChessBase"]
[SourceDate "2023.07.31"]
[SourceVersion "1"]
[SourceVersionDate "2023.07.31"]
[SourceQuality "1"]

1. e4 e5 2. Nf3 Nc6 3. d4 exd4 4. Bc4 Bc5 5. c3 Nf6 6. cxd4 Bb4+ 7. Bd2 Bxd2+ 8. Nbxd2 d5 9. exd5 Nxd5 10. 0-0 0-0 11. Nb3 Bg4 12. h3 Bh5 13. Qd3 Nb6 14. Ne5 Nb4 15. Qd2 Nxc4 16. Qxb4 Nd6 17. Rac1 c6 18. Rfe1 f6 19. Nd3 Bf7 20. Na5 Rb8 21. Nf4 Qd7 22. Rcd1 b6 23. Nb3 g5 24. Nd3 a5 25. Qd2 Bd5 26. Nbc1 Nf5 27. f4 h6 28. fxg5 hxg5 29. Nf2 Nh4 30. Ne4 Rbe8 31. Qd3 Nxg2 32. Kxg2 Rxe4 33. Kh2 Rfe8 34. Rg1 Qd6+ 35. Qg3 Re2+ 0-1

[Event "Curitiba Parana op"]
[Site "Curitiba"]
[Date "2023.04.22"]
[Round "3"]
[White "De Araujo, Adalberto Marcos"]
[Black "Rosa, Gabriel Redon"]
[Result "0-1"]
[WhiteElo "2165"]
[BlackElo "1927"]
[PlyCount "100"]
[EventDate "2023.04.21"]
[EventType "swiss"]
[EventRounds "6"]
[EventCountry "BRA"]
[SourceTitle "CBM 214 Extra"]
[Source "ChessBase"]
[SourceDate "2023.07.31"]
[SourceVersion "1"]
[SourceVersionDate "2023.07.31"]
[SourceQuality "1"]

1. d4 d5 2. c4 c6 3. Nc3 Nf6 4. Nf3 dxc4 5. a4 Bf5 6. e3 e6 7. Bxc4 Bb4 8. 0-0 0-0 9. Qe2 Bg6 10. Ne5 Nbd7 11. Nxg6 hxg6 12. Rd1 Nb6 13. Bb3 Qc7 14. f4 a6 15. Bd2 Be7 16. Rac1 Rad8 17. Be1 Nbd5 18. Ba2 Rd7 19. Bb1 Rfd8 20. Ne4 Nxe4 21. Bxe4 Qb6 22. Bb1 c5 23. a5 Qa7 24. g3 cxd4 25. exd4 Bf6 26. Bf2 Qb8 27. Rc4 Qd6 28. Bc2 Rc7 29. Be4 Rdc8 30. Rdc1 Bd8 31. Rc5 Qd7 32. Qd2 Be7 33. Rxc7 Rxc7 34. Rxc7 Qxc7 35. Bxd5 exd5 36. Be1 Qc4 37. Qc3 f5 38. Qxc4 dxc4 39. Kf2 Kf7 40. Bc3 Ke6 41. d5+ Kxd5 42. Bxg7 Ke4 43. Ke2 Bb4 44. Bc3 Bc5 45. Be1 Bg1 46. Kf1 Bd4 47. Bc3 Bxc3 48. bxc3 Kd3 49. h4 Kxc3 50. g4 Kd2 0-1

[Event "Curitiba op"]
[Site "Curitiba"]
[Date "2023.04.01"]
[Round "2"]
[White "Rosa, Gabriel Redon"]
[Black "Calcada, Henrique Galvan"]
[Result "1-0"]
[WhiteElo "1927"]
[BlackElo "1605"]
[PlyCount "105"]
[EventDate "2023.03.31"]
[EventType "swiss"]
[EventRounds "5"]
[EventCountry "BRA"]
[SourceTitle "EXT 2024"]
[Source "ChessBase"]
[SourceDate "2023.10.10"]
[SourceVersion "1"]
[SourceVersionDate "2023.10.10"]
[SourceQuality "1"]

1. e4 c5 2. Nf3 g6 3. d4 cxd4 4. Nxd4 Nc6 5. c4 Nf6 6. Nc3 d6 7. Be2 Nxd4 8. Qxd4 Bg7 9. Be3 0-0 10. Qd2 Be6 11. f3 Rc8 12. Nd5 Nd7 13. 0-0 Nb6 14. Rac1 Bxd5 15. cxd5 Rxc1 16. Rxc1 Qd7 17. b3 Rc8 18. Rc2 Kf8 19. Kf2 Rxc2 20. Qxc2 Ke8 21. a4 Kd8 22. a5 Nc8 23. Qc4 a6 24. Bd4 Bxd4+ 25. Qxd4 f6 26. Qd2 Qc7 27. h4 e5 28. dxe6 Qc5+ 29. Kf1 Ke7 30. Qh6 Kxe6 31. Bc4+ Kd7 32. Qxh7+ Kc6 33. Bd5+ Kb5 34. Qxb7+ Kxa5 35. b4+ Qxb4 36. Qxc8 Qb1+ 37. Kf2 Qb2+ 38. Kg3 Qe2 39. Qc7+ Kb4 40. Qxd6+ Ka4 41. Qc6+ Ka3 42. Qc5+ Kb2 43. Qb4+ Ka1 44. Qc3+ Kb1 45. Bc4 Qd1 46. Bd3+ Ka2 47. Qc2+ Qxc2 48. Bxc2 Kb2 49. Ba4 Kc3 50. Kf4 Kd4 51. g4 a5 52. g5 fxg5+ 53. hxg5 1-0

[Event "Florianopolis op 9th"]
[Site "Florianopolis"]
[Date "2023.01.28"]
[Round "8"]
[White "Cordeiro, Marco Aurelio Zaror"]
[Black "Rosa, Gabriel Redon"]
[Result "0-1"]
[WhiteElo "2099"]
[BlackElo "1883"]
[PlyCount "120"]
[EventDate "2023.01.23"]
[EventType "swiss"]
[EventRounds "10"]
[EventCountry "BRA"]
[SourceTitle "CBM 212 Extra"]
[Source "ChessBase"]
[SourceDate "2023.03.31"]
[SourceVersion "1"]
[SourceVersionDate "2023.03.31"]
[SourceQuality "1"]

1. e4 c5 2. Nf3 Nc6 3. Bb5 e6 4. 0-0 Nge7 5. Re1 a6 6. Bf1 d5 7. exd5 Nxd5 8. d4 cxd4 9. Nxd4 Bd7 10. Nf3 Be7 11. c4 Nf6 12. a3 0-0 13. b4 Qc7 14. Bb2 Rfd8 15. Nbd2 b6 16. Qb3 Bc8 17. Rad1 Bb7 18. Bd3 a5 19. b5 Nb8 20. Qc2 Nbd7 21. Ne4 Nxe4 22. Bxe4 Bxe4 23. Qxe4 Bf6 24. Bxf6 Nxf6 25. Qc2 Rxd1 26. Rxd1 Rc8 27. Qe2 Qc5 28. Ne5 Qxa3 29. g4 h6 30. h4 Qh3 31. g5 hxg5 32. hxg5 Nh5 33. Qe4 Qb3 34. Rd3 Qb1+ 35. Kh2 Rf8 36. Nd7 Re8 37. Nxb6 Qc2 38. Qf3 Nf4 39. Rd4 Qh7+ 40. Kg1 e5 41. Rd1 Qg6 42. Nd5 Qxg5+ 43. Kf1 Ne6 44. Qe3 Qf5 45. Ra1 Nf4 46. Nxf4 exf4 47. Qf3 g5 48. Rxa5 g4 49. Qd5 Qb1+ 50. Kg2 f3+ 51. Kg3 Qg1+ 52. Kf4 Re6 53. Ra8+ Kg7 54. Qd4+ Rf6+ 55. Ke5 Qe1+ 56. Kd5 Qe6+ 57. Kc5 Qb6+ 58. Kd5 Qb7+ 59. Ke5 Qxa8 60. Qxg4+ Rg6 0-1

[Event "Florianopolis op 9th"]
[Site "Florianopolis"]
[Date "2023.01.26"]
[Round "5"]
[White "Rosa, Gabriel Redon"]
[Black "Martins, Anderson Donay"]
[Result "0-1"]
[WhiteElo "1883"]
[BlackElo "2058"]
[PlyCount "114"]
[EventDate "2023.01.23"]
[EventType "swiss"]
[EventRounds "10"]
[EventCountry "BRA"]
[SourceTitle "CBM 212 Extra"]
[Source "ChessBase"]
[SourceDate "2023.03.31"]
[SourceVersion "1"]
[SourceVersionDate "2023.03.31"]
[SourceQuality "1"]

1. e4 c5 2. Nf3 d6 3. d4 cxd4 4. Nxd4 Nf6 5. Nc3 a6 6. f3 e5 7. Nb3 Be6 8. Be3 Be7 9. Qd2 h5 10. 0-0-0 Qc7 11. g3 Nbd7 12. Nd5 Nxd5 13. exd5 Bf5 14. Bd3 Bxd3 15. Qxd3 a5 16. a4 Bf6 17. g4 hxg4 18. fxg4 Rh3 19. Rd2 Bg5 20. Re1 Rc8 21. Kb1 Rxe3 22. Rxe3 Nc5 23. Nxc5 Qxc5 24. Rh3 Bxd2 25. Qxd2 Qg1+ 26. Ka2 Qxg4 27. Rh8+ Ke7 28. Rxc8 Qxc8 29. Qxa5 Qxc2 30. Qb4 b6 31. Qh4+ Kd7 32. Qg4+ Kc7 33. Qh4 g5 34. Qxg5 Qxa4+ 35. Kb1 Qd1+ 36. Ka2 Qxd5+ 37. b3 Qe6 38. h4 e4 39. Qe3 Qe5 40. h5 Qa5+ 41. Kb1 Qxh5 42. Qc3+ Qc5 43. Qf6 Qg1+ 44. Ka2 Qg2+ 45. Ka3 Qf3 46. Qe7+ Kc6 47. Qe8+ Kc5 48. Qc8+ Kd4 49. Qc4+ Ke5 50. Qb5+ d5 51. Qe8+ Kd4 52. Qc6 Qc3 53. Qf6+ Kd3 54. Qf1+ Kc2 55. Qf2+ Kb1 56. Qxb6 e3 57. Qb5 e2 0-1

[Event "Florianopolis op 9th"]
[Site "Florianopolis"]
[Date "2023.01.24"]
[Round "2"]
[White "Cominato Neto, Jose Luis"]
[Black "Rosa, Gabriel Redon"]
[Result "1-0"]
[WhiteElo "2260"]
[BlackElo "1883"]
[PlyCount "171"]
[EventDate "2023.01.23"]
[EventType "swiss"]
[EventRounds "10"]
[EventCountry "BRA"]
[SourceTitle "CBM 212 Extra"]
[Source "ChessBase"]
[SourceDate "2023.03.31"]
[SourceVersion "1"]
[SourceVersionDate "2023.03.31"]
[SourceQuality "1"]

1. e4 c5 2. Nf3 Nc6 3. Bb5 e6 4. Bxc6 bxc6 5. b3 Ne7 6. Bb2 Ng6 7. h4 h5 8. e5 Be7 9. Nc3 c4 10. Ne4 c5 11. Nd6+ Bxd6 12. exd6 f6 13. Qe2 Bb7 14. Qxc4 Qb6 15. 0-0-0 Qxd6 16. d4 Rc8 17. dxc5 Qf4+ 18. Nd2 0-0 19. f3 Bd5 20. Qd4 Qxd4 21. Bxd4 Nf4 22. Ne4 Bxe4 23. fxe4 Rf7 24. Rd2 e5 25. Be3 Ne6 26. Rhd1 Rc7 27. Rd6 Nd8 28. b4 Kf8 29. Ra6 Ne6 30. g3 f5 31. Rxe6 dxe6 32. Rd8+ Ke7 33. Bg5+ Rf6 34. Rd3 fxe4 35. Re3 Kd7 36. Bxf6 gxf6 37. Rxe4 Kc6 38. Re3 Kb5 39. a3 a5 40. c3 Rg7 41. Kc2 a4 42. Kd3 Rg4 43. Kd2 e4 44. c4+ Kxc4 45. Rc3+ Kb5 46. c6 Rg8 47. c7 Rc8 48. Rc5+ Kb6 49. Rxh5 Rxc7 50. Ra5 Rg7 51. Rxa4 Rxg3 52. Ra8 f5 53. a4 f4 54. Re8 Rg2+ 55. Ke1 Rg6 56. Rf8 e5 57. Re8 e3 58. Rxe5 Rg1+ 59. Ke2 Rg2+ 60. Kd3 Rd2+ 61. Ke4 Rf2 62. Kd3 Rd2+ 63. Ke4 Rf2 64. Re6+ Kb7 65. Kd3 Rd2+ 66. Ke4 Rf2 67. Kd3 Rd2+ 68. Ke4 Rf2 69. h5 e2 70. Kd3 f3 71. h6 Rf1 72. h7 Rd1+ 73. Kc4 Rh1 74. Kd3 f2 75. h8Q Rxh8 76. Kxe2 Rf8 77. Re7+ Kc6 78. Kf1 Rf4 79. b5+ Kd6 80. Ra7 Kc5 81. Rc7+ Kb6 82. Rc6+ Kb7 83. a5 Rf7 84. a6+ Ka7 85. Re6 Ka8 86. b6 1-0

[Event "Florianopolis op 6th"]
[Site "Florianopolis"]
[Date "2020.01.25"]
[Round "9"]
[White "Rosa, Gabriel Redon"]
[Black "Kanzler, Karina Daniela"]
[Result "0-1"]
[WhiteElo "1576"]
[BlackElo "1867"]
[PlyCount "38"]
[EventDate "2020.01.20"]
[EventType "swiss"]
[EventRounds "10"]
[EventCountry "BRA"]
[SourceTitle "CBM 194 Extra"]
[Source "ChessBase"]
[SourceDate "2020.03.31"]
[SourceVersion "1"]
[SourceVersionDate "2020.03.31"]
[SourceQuality "1"]

1. e4 e5 2. Nf3 Nc6 3. Bc4 Bc5 4. 0-0 Nf6 5. d3 h6 6. c3 0-0 7. Re1 d6 8. Nbd2 Be6 9. Bxe6 fxe6 10. Nf1 Ng4 11. Re2 Qe8 12. h3 Nf6 13. d4 Bb6 14. dxe5 dxe5 15. b4 Rd8 16. Qb3 a6 17. a4 Ne7 18. Bb2 Qg6 19. Ng3 Qxg3 0-1

[Event "Florianopolis op 6th"]
[Site "Florianopolis"]
[Date "2020.01.24"]
[Round "7"]
[White "Rosa, Gabriel Redon"]
[Black "Borges, Leonardo Hisao Hera"]
[Result "0-1"]
[WhiteElo "1576"]
[BlackElo "1890"]
[PlyCount "70"]
[EventDate "2020.01.20"]
[EventType "swiss"]
[EventRounds "10"]
[EventCountry "BRA"]
[SourceTitle "CBM 194 Extra"]
[Source "ChessBase"]
[SourceDate "2020.03.31"]
[SourceVersion "1"]
[SourceVersionDate "2020.03.31"]
[SourceQuality "1"]

1. e4 c5 2. Nf3 e6 3. d3 Nc6 4. g3 a6 5. Bg2 g6 6. 0-0 Bg7 7. c3 Nge7 8. d4 cxd4 9. cxd4 d5 10. e5 0-0 11. Nc3 b5 12. Bf4 Qb6 13. Qd2 Nf5 14. Rfd1 f6 15. g4 fxe5 16. dxe5 Nfe7 17. h4 Qc7 18. Re1 Bd7 19. Rac1 Qa5 20. a3 Rac8 21. Bh6 b4 22. axb4 Qxb4 23. Bxg7 Kxg7 24. Qg5 h6 25. Qd2 Qxg4 26. Qe2 Nf5 27. Qxa6 Nxh4 28. Nxh4 Qxh4 29. Re2 Qg5 30. Rce1 Nd4 31. Re3 Nf3+ 32. Rxf3 Rxf3 33. Qb7 Rf7 34. Nxd5 exd5 35. Qxd5 Bc6 0-1

[Event "Florianopolis op 6th"]
[Site "Florianopolis"]
[Date "2020.01.21"]
[Round "2"]
[White "Rosa, Gabriel Redon"]
[Black "Correa, Jose Augusto"]
[Result "0-1"]
[WhiteElo "1576"]
[BlackElo "1870"]
[PlyCount "40"]
[EventDate "2020.01.20"]
[EventType "swiss"]
[EventRounds "10"]
[EventCountry "BRA"]
[SourceTitle "CBM 194 Extra"]
[Source "ChessBase"]
[SourceDate "2020.03.31"]
[SourceVersion "1"]
[SourceVersionDate "2020.03.31"]
[SourceQuality "1"]

1. e4 c5 2. Nf3 g6 3. d4 cxd4 4. Nxd4 Bg7 5. Nc3 Nc6 6. Be3 Nf6 7. f3 0-0 8. Qd2 d5 9. exd5 Nxd5 10. Nxc6 bxc6 11. 0-0-0 Bxc3 12. bxc3 Qa5 13. Bc4 Qa3+ 14. Kb1 Nxc3+ 15. Ka1 Be6 16. Bb3 Nxa2 17. Bc5 Qxc5 18. Kb2 Rab8 19. h4 Rb6 20. h5 Ra6 0-1

[Event "Florianopolis op 5th"]
[Site "Florianopolis"]
[Date "2019.01.21"]
[Round "1"]
[White "Rosa, Gabriel Redon"]
[Black "Medeiros, Thauane Ferreira"]
[Result "1-0"]
[WhiteElo "1469"]
[BlackElo "1985"]
[PlyCount "77"]
[EventDate "2019.01.21"]
[EventType "swiss"]
[EventRounds "10"]
[EventCountry "BRA"]
[SourceTitle "CBM 188 Extra"]
[Source "ChessBase"]
[SourceDate "2019.02.26"]
[SourceVersion "1"]
[SourceVersionDate "2019.02.26"]
[SourceQuality "1"]

1. e4 c6 2. d4 d5 3. Nc3 g6 4. Nf3 Bg4 5. Be2 e6 6. h3 Bxf3 7. Bxf3 Bg7 8. Be3 Ne7 9. Qd2 0-0 10. 0-0-0 dxe4 11. Nxe4 Nf5 12. c3 Nxe3 13. Qxe3 Qa5 14. Kb1 Nd7 15. g4 Nf6 16. Nxf6+ Bxf6 17. h4 Rab8 18. h5 Bg7 19. Rh2 Rfe8 20. Rdh1 Qd8 21. hxg6 hxg6 22. Rh7 e5 23. dxe5 f6 24. e6 Qe7 25. Qe4 f5 26. gxf5 Qf6 27. Bg4 b5 28. fxg6 b4 29. Qf5 bxc3 30. Rxg7+ Qxg7 31. Qf7+ Qxf7 32. gxf7+ Kg7 33. fxe8Q Rxe8 34. bxc3 Kf6 35. Rh7 a5 36. e7 Rb8+ 37. Kc2 Kg6 38. Rh3 Kf6 39. Re3 1-0

[Event "Curitiba Fexpar op 1st"]
[Site "Curitiba"]
[Date "2018.11.03"]
[Round "3"]
[White "Rosa, Gabriel Redon"]
[Black "Klein, Luan Carlos"]
[Result "0-1"]
[WhiteElo "1432"]
[BlackElo "1838"]
[PlyCount "132"]
[EventDate "2018.11.02"]
[EventType "swiss"]
[EventRounds "7"]
[EventCountry "BRA"]
[SourceTitle "EXT 2020"]
[Source "ChessBase"]
[SourceDate "2019.10.17"]
[SourceVersion "1"]
[SourceVersionDate "2019.10.17"]
[SourceQuality "1"]

1. e4 c5 2. f4 e6 3. Nf3 d5 4. d3 Nf6 5. Nc3 Be7 6. b3 0-0 7. Bb2 a6 8. Qd2 b5 9. exd5 exd5 10. 0-0-0 Nc6 11. g3 Be6 12. Bg2 Rb8 13. Rdg1 Qa5 14. Kb1 c4 15. Ne2 b4 16. c3 Rfc8 17. Nfd4 Nxd4 18. Nxd4 cxd3 19. cxb4 Bxb4 20. Qxd3 Bc3 21. Nxe6 fxe6 22. Rc1 Bxb2 23. Kxb2 Qb6 24. Rhe1 g6 25. Rxc8+ Rxc8 26. Bh3 Ne4 27. Bg2 Qb4 28. Rf1 Nd2 29. Rc1 Rb8 30. Ka1 a5 31. Rc2 Nc4 32. Qe2 Qb6 33. Bh3 Qd4+ 34. Kb1 Na3+ 35. Kc1 Qa1+ 36. Kd2 Qd4+ 37. Kc1 Nxc2 38. Qxe6+ Kh8 39. Kxc2 Qe4+ 40. Qxe4 dxe4 41. Kd2 a4 42. Be6 a3 43. Ke3 Rb4 44. Bc4 Kg7 45. Kxe4 Kf6 46. g4 h6 47. h3 Rb8 48. Bd5 Re8+ 49. Kd3 Re1 50. b4 Rf1 51. Ke3 Rb1 52. Bb3 Rxb3+ 53. axb3 a2 54. b5 a1Q 55. b6 Qg1+ 56. Ke4 Qxb6 57. h4 Qxb3 58. g5+ hxg5 59. hxg5+ Ke6 60. Kd4 Qf3 61. Kc5 Qxf4 62. Kc6 Qd4 63. Kb5 Kd6 64. Ka5 Qb2 65. Ka4 Kc5 66. Ka5 Qb5# 0-1

[Event "Curitiba Fexpar op 1st"]
[Site "Curitiba"]
[Date "2018.11.02"]
[Round "1"]
[White "Rosa, Gabriel Redon"]
[Black "Acosta, Pablo Alejandro"]
[Result "0-1"]
[WhiteElo "1432"]
[BlackElo "1971"]
[PlyCount "88"]
[EventDate "2018.11.02"]
[EventType "swiss"]
[EventRounds "7"]
[EventCountry "BRA"]
[SourceTitle "EXT 2020"]
[Source "ChessBase"]
[SourceDate "2019.10.17"]
[SourceVersion "1"]
[SourceVersionDate "2019.10.17"]
[SourceQuality "1"]

1. e4 c5 2. f4 e6 3. Nf3 d5 4. d3 Nc6 5. Be3 Qc7 6. g3 Nf6 7. Nbd2 Bd7 8. Bg2 h5 9. a3 Ng4 10. Qe2 Be7 11. h3 Nxe3 12. Qxe3 h4 13. Nxh4 Bxh4 14. gxh4 0-0-0 15. exd5 exd5 16. 0-0-0 Bf5 17. Qxc5 b6 18. Qf2 Kb8 19. Kb1 Rh6 20. Nb3 Bc8 21. Nd4 Nxd4 22. Qxd4 Rxh4 23. Qxg7 Rxf4 24. Rdf1 Be6 25. Rxf4 Qxf4 26. Rf1 Qd6 27. h4 Qh2 28. Rh1 Qc7 29. h5 Rc8 30. c3 Bf5 31. Bxd5 Bxd3+ 32. Ka1 f5 33. h6 f4 34. Qxc7+ Kxc7 35. Rh3 Bh7 36. Rf3 Kd6 37. Ba2 Re8 38. b4 Re1+ 39. Kb2 Re2+ 40. Ka1 Ke5 41. Rh3 Kf6 42. Rf3 Kg5 43. Rf1 Rh2 44. Rg1+ Kxh6 0-1

[Event "Sao Bento do Sul op 10"]
[Site "Sao Bento do Sul"]
[Date "2018.10.21"]
[Round "6"]
[White "Pereira, Aline Vitoria"]
[Black "Rosa, Gabriel Redon"]
[Result "0-1"]
[WhiteElo "1240"]
[BlackElo "1458"]
[PlyCount "74"]
[EventDate "2018.10.19"]
[EventType "swiss"]
[EventRounds "7"]
[EventCountry "BRA"]
[SourceTitle "EXT 2021"]
[Source "ChessBase"]
[SourceDate "2020.10.23"]
[SourceVersion "1"]
[SourceVersionDate "2020.10.23"]
[SourceQuality "1"]

1. d4 Nf6 2. c4 g6 3. Nc3 d5 4. f3 Bg7 5. cxd5 Nxd5 6. e4 Nxc3 7. bxc3 c5 8. Be3 Nc6 9. Bb5 0-0 10. Ne2 cxd4 11. cxd4 Qa5+ 12. Bd2 Qxb5 13. e5 Qd5 14. Bc3 b6 15. Nf4 Qd7 16. g4 Bb7 17. h4 Rad8 18. Ne2 f6 19. Qb3+ Kh8 20. e6 Qd6 21. Rd1 f5 22. d5 Nb8 23. Bxg7+ Kxg7 24. Qb2+ Kg8 25. h5 Nd7 26. g5 Qe5 27. Qxe5 Nxe5 28. Nf4 Kg7 29. Ke2 Nc4 30. Rh2 Rh8 31. Rdh1 Bxd5 32. hxg6 Bb7 33. Ke1 Bxf3 34. Rxh7+ Rxh7 35. Rxh7+ Kg8 36. Rxe7 Rd4 37. Ne2 Re4 0-1

[Event "Sao Bento do Sul op 10"]
[Site "Sao Bento do Sul"]
[Date "2018.10.21"]
[Round "7"]
[White "Rosa, Gabriel Redon"]
[Black "Dias, Henrique Jose Harms"]
[Result "0-1"]
[WhiteElo "1458"]
[BlackElo "1518"]
[PlyCount "58"]
[EventDate "2018.10.19"]
[EventType "swiss"]
[EventRounds "7"]
[EventCountry "BRA"]
[SourceTitle "EXT 2021"]
[Source "ChessBase"]
[SourceDate "2020.10.23"]
[SourceVersion "1"]
[SourceVersionDate "2020.10.23"]
[SourceQuality "1"]

1. e4 c6 2. d4 d5 3. Nc3 dxe4 4. Nxe4 Bf5 5. Ng3 Bg6 6. h4 h6 7. h5 Bh7 8. Nf3 Nd7 9. Bd3 Bxd3 10. Qxd3 e6 11. Bf4 Qa5+ 12. c3 Ngf6 13. Nd2 Nd5 14. Be3 Nxe3 15. Qxe3 Be7 16. Nb3 Qc7 17. Qf3 0-0 18. 0-0-0 a5 19. Rdg1 a4 20. Nd2 a3 21. b3 Nb6 22. Ne2 e5 23. g4 exd4 24. Nxd4 Bg5 25. Kb1 Nd5 26. Ne4 Qf4 27. Nxg5 Qxg5 28. Re1 Rae8 29. c4 Qd2 0-1

[Event "Caioba Telecom op"]
[Site "Caioba"]
[Date "2018.08.03"]
[Round "6"]
[White "Salvadego, Matheus Henrique De"]
[Black "Rosa, Gabriel Redon"]
[Result "1-0"]
[WhiteElo "1817"]
[BlackElo "1461"]
[PlyCount "163"]
[EventDate "2018.08.01"]
[EventType "swiss"]
[EventRounds "9"]
[EventCountry "BRA"]
[SourceTitle "CBM 186 Extra"]
[Source "ChessBase"]
[SourceDate "2018.08.24"]
[SourceVersion "1"]
[SourceVersionDate "2018.08.24"]
[SourceQuality "1"]

1. d4 Nf6 2. c4 g6 3. Nc3 Bg7 4. e4 d6 5. Nf3 Nbd7 6. Be2 0-0 7. 0-0 e6 8. Bg5 Qe8 9. Nb5 Qd8 10. e5 dxe5 11. dxe5 Nxe5 12. Nxe5 Qxd1 13. Raxd1 Ne4 14. Nf3 Nxg5 15. Nxg5 Bxb2 16. Nxc7 Rb8 17. Rb1 Be5 18. Na6 bxa6 19. Rxb8 Bxb8 20. Rb1 Bc7 21. Bf3 Rd8 22. g3 h6 23. Ne4 f5 24. Nc5 Bb6 25. Nb3 Rd3 26. Be2 Rc3 27. Rc1 Rxc1+ 28. Nxc1 Bb7 29. Nb3 a5 30. c5 Bc7 31. Bc4 Bd5 32. Bxd5 exd5 33. Nd4 Kf7 34. Nb5 Bd8 35. c6 Ke6 36. c7 Bxc7 37. Nxc7+ Ke5 38. Kf1 Ke4 39. Ke2 g5 40. Nb5 g4 41. Nd6+ Ke5 42. Nf7+ Kf6 43. Nxh6 Kg6 44. Ng8 Kf7 45. Ke3 Kxg8 46. Kd4 Kf7 47. Kxd5 Kf6 48. a4 Kg5 49. Kc5 f4 50. Kb5 f3 51. Kxa5 Kf5 52. Kb4 Ke5 53. Kc3 Kd5 54. Kd3 a5 55. Ke3 Ke5 56. h3 gxh3 57. Kxf3 Kf5 58. g4+ Kg5 59. Kg3 h2 60. Kxh2 Kxg4 61. Kg2 Kf4 62. f3 Kf5 63. Kf2 Kf6 64. Ke3 Ke5 65. Kd3 Kf4 66. Kc4 Kxf3 67. Kb5 Ke4 68. Kxa5 Kd5 69. Kb6 Kd6 70. a5 Kd7 71. a6 Kc8 72. a7 Kd7 73. a8Q Ke7 74. Qc6 Kf7 75. Qd6 Kg7 76. Qe6 Kh8 77. Qg4 Kh7 78. Kc7 Kh6 79. Kd7 Kh7 80. Ke7 Kh8 81. Kf7 Kh7 82. Qh5# 1-0

[Event "BRA-ch U12"]
[Site "Florianopolis"]
[Date "2018.04.30"]
[Round "5"]
[White "Rosa, Gabriel Redon"]
[Black "De Siqueira, Luigy Lira"]
[Result "1/2-1/2"]
[WhiteElo "1473"]
[BlackElo "1590"]
[PlyCount "34"]
[EventDate "2018.04.28"]
[EventType "swiss"]
[EventRounds "6"]
[EventCountry "BRA"]
[SourceTitle "EXT 2021"]
[Source "ChessBase"]
[SourceDate "2020.10.23"]
[SourceVersion "1"]
[SourceVersionDate "2020.10.23"]
[SourceQuality "1"]

1. d4 Nf6 2. c4 e6 3. Nc3 c5 4. e3 d5 5. cxd5 cxd4 6. Qa4+ Bd7 7. Qxd4 exd5 8. Nxd5 Nxd5 9. Qxd5 Nc6 10. Bc4 Bb4+ 11. Bd2 0-0 12. Bxb4 Nxb4 13. Qd2 Qa5 14. Kf1 Bb5 15. Bxb5 Qxb5+ 16. Qe2 Qc6 17. Nf3 Rac8 1/2-1/2